• 首页
  • 本馆介绍
  • 公告通知
  • 最新文献
  • 馆藏检索
  • 电子资源
  • 读者荐购
  • 参考咨询
  • CALIS
  • 我的图书馆
  • 登录
  • 详细信息显示
  • 放入我的书架
  • 预约/预借图书
  • 作者相关作品
  • 分类相关作品
  • 丛书相关作品
  • 出版社相关作品

书目信息

  • 表格格式
  • 工作单格式
  • 卡片格式
题名:
明代国家权力结构及运行机制
    
 
作者: 方志远 著
分册:  
出版信息: 桂林   广西师范大学出版社  2024.03
页数: 610页
开本: 23cm
丛书名:
单 册:
中图分类: D691.21
科图分类:
主题词: 权力结构--研究--中国--明代
电子资源:
ISBN: 978-7-5598-6425-3
 
 
 
 
 
000 01117nam0 2200241 450
001 012837835
005 20251022164839.88
010    @a978-7-5598-6425-3@b精装@dCNY118.00
100    @a20240328d2024 em y0chiy0120 ea
101 0  @achi
102    @aCN@b450000
105    @ay z 000yy
106    @ar
200 1  @a明代国家权力结构及运行机制@9ming dai guo jia quan li jie gou ji yun xing ji zhi@f方志远著
210    @a桂林@c广西师范大学出版社@d2024.03
215    @a610页@d23cm
300    @a方志远明史研究系列
330    @a本书是一部明代政治制度史的经典著作,立足于中国古代国家制度的基本特征及形成道路,以明代国家权力的内部结构和运行法则为切入点,勾勒出明代从中央到地方,从皇帝到乡绅里甲层层制衡的庞大国家机器。通过明代权力结构初创、定型、调整、再定型的全过程,展现明代国家权力结构演变的双轨制轨迹,展示中国历代国家权力“内廷机构外廷化、中央机构地方化、监察机构行政化”的普遍规律,揭示中国古代社会制度尤其是君主制度的本质特征。
606 0  @a权力结构@x研究@y中国@z明代
690    @aD691.21@v5
701  0 @a方志远@9fang zhi yuan@4著
801  0 @aCN@c20250909
905    @a河南城建学院图书馆@dD691.21@eF278@ZF278@f1
    
    明代国家权力结构及运行机制/方志远著.-桂林:广西师范大学出版社,2024.03
    610页;23cm
    方志远明史研究系列
    
    ISBN 978-7-5598-6425-3(精装):CNY118.00
    本书是一部明代政治制度史的经典著作,立足于中国古代国家制度的基本特征及形成道路,以明代国家权力的内部结构和运行法则为切入点,勾勒出明代从中央到地方,从皇帝到乡绅里甲层层制衡的庞大国家机器。通过明代权力结构初创、定型、调整、再定型的全过程,展现明代国家权力结构演变的双轨制轨迹,展示中国历代国家权力“内廷机构外廷化、中央机构地方化、监察机构行政化”的普遍规律,揭示中国古代社会制度尤其是君主制度的本质特征。
●
相关链接 在E读中查询图书 在当当中查询图书 在豆瓣中查询图书


正题名:明代国家权力结构及运行机制     索取号:D691.21/F278         预约/预借

序号 登录号 条形码 馆藏地/架位号 状态 备注
1 1632858   216328588   社科库509/509社科库 77排4列5层/ [索取号:D691.21/F278] 在馆    
河南城建学院图书馆 欢迎您!
大连网信软件有限公司© 版权所有